Normal view
MARC view
Entry Topical Term
001 - CONTROL NUMBER
- control field: 17886
003 - CONTROL NUMBER IDENTIFIER
- control field: BD-RjUL
005 - DATE AND TIME OF LATEST TRANSACTION
- control field: 20260330094922.0
008 - FIXED-LENGTH DATA ELEMENTS
- fixed length control field: 260330|| aca||aabn | a|a d
040 ## - CATALOGING SOURCE
- Original cataloging agency: BD-RjUL
- Transcribing agency: BD-RjUL
150 ## - HEADING--TOPICAL TERM
- Topical term or geographic name entry element: Urdu poetry
- Form subdivision: History and criticism
670 ## - SOURCE DATA FOUND
- Source citation: Work cat.: (BD-RjUL)86260: Maḥmūd, Faruqi 17885, مىر حسن : اور خاندان کے دوسرے شعراء / Mīr Ḥasan : aur k̲h̲āndān ke dūsre shuʻarāʼ /